Moisès Villèlia : escultura : exposició organitzada pel Servei d'Arts Plàstiques del Departament de Cultura de la Generalitat de Catalunya i la Fundació Miró escultura :
Publicado:
[Barcelona] :
Departament de Cultura de la Generalitat de Catalunya. Servei d'Arts Plàstiques, dl 1983
Descripción Física:
[26] p. : il. ; 29 cm
Materias:
Villèlia, Moisès -- Exposicions
MARC
| LEADER | 00000nam a2200000Ia 4500 | ||
|---|---|---|---|
| 001 | 1320 | ||
| 003 | BGR | ||
| 005 | 20260324175620.0 | ||
| 008 | 160829s9999 xx 000 0 cat d | ||
| 080 | |a FU-17-10 | ||
| 100 | |a Villèlia, Moisès |9 35272 | ||
| 245 | |a Moisès Villèlia : |b escultura : |b exposició organitzada pel Servei d'Arts Plàstiques del Departament de Cultura de la Generalitat de Catalunya i la Fundació Miró | ||
| 260 | |a [Barcelona] : |b Departament de Cultura de la Generalitat de Catalunya. Servei d'Arts Plàstiques, dl 1983 | ||
| 300 | |a [26] p. : |b il. ; |c 29 cm | ||
| 650 | |a Villèlia, Moisès |x Exposicions |9 35273 | ||
| 710 | 2 | |a Fundació Joan Miró |9 68444 | |
| 710 | 1 | |a Catalunya. |b Generalitat |b Servei d'Arts Plàstiques |9 12125 | |
| 901 | |a Arxiu | ||
| 942 | |n 1 |2 udc |c MON | ||
| 952 | |0 0 |1 0 |4 0 |6 FU1710 |7 1 |9 46839 |a Arxiu |b Arxiu |d 2016-12-01 |l 0 |o FU-17-10 |p 1320 |r 2016-12-01 00:00:00 |w 2016-12-01 |y ARXIU | ||
| 999 | |c 50632 |d 50632 | ||